Efektívna správa informačného obsahu podniku
Enterprise Content Management (ECM) je komplexné riešenie, ktoré zasahuje do všetkých oblastí fungovania firmy, nakoľko sa neobmedzuje na prácu s určitým typom informácie, zahrňuje všetky informácie organizácie, ako aj procesné a legislatívne aspekty práce s nimi. Súčasti ECM. Systémy, ktoré realizu...
Salvato in:
| Autore principale: | |
|---|---|
| Natura: | Capitolo di libro |
| Lingua: | slovacco |
| Soggetti: | |
| Tags: |
Nessun Tag, puoi essere il primo ad aggiungerne!!
|
MARC
| LEADER | 00000naa$a2200000$$$4500 | ||
|---|---|---|---|
| 001 | 0059022 | ||
| 005 | 20240502083141.2 | ||
| 041 | 0 | |a slo | |
| 044 | |a CZ | ||
| 245 | 1 | 0 | |a Efektívna správa informačného obsahu podniku |c Magdaléna Cárachová |
| 520 | |a Enterprise Content Management (ECM) je komplexné riešenie, ktoré zasahuje do všetkých oblastí fungovania firmy, nakoľko sa neobmedzuje na prácu s určitým typom informácie, zahrňuje všetky informácie organizácie, ako aj procesné a legislatívne aspekty práce s nimi. Súčasti ECM. Systémy, ktoré realizujú primárnu informačnú podporu sú rutinne využívané, spracovávajú veľké množstvo údajov, ktoré súhrnne tvoria firemný obsah. V súlade s týmto trendom sa presadzuje koncept ECM systémov - systémov pre správu firemného obsahu. Ide o integrovanú správu všetkých typov firemných údajov, štruktúrovaných, ako aj neštruktúrovaných. Dôležitým momentom ECM je silná väzba medzi úložiskami údajov, či dokumentov a procesnou schémou firmy. Vývoj v oblasti ECM je podobný tomu, čoho sme boli svedkami v prípade celopodnikových ERP riešení - aj oblasť správy informácií smeruje k integrácii a univerzálnosti. | ||
| 610 | 2 | 0 | |a firmy |
| 610 | 2 | 0 | |a informácie |
| 610 | 2 | 0 | |a informácie vnútropodnikové |
| 610 | 2 | 0 | |a procesy podnikové |
| 610 | 2 | 0 | |a manažment informačný |
| 610 | 2 | 0 | |a integrácia |
| 610 | 2 | 0 | |a technológie nové |
| 100 | 1 | |a Cárachová, Magdaléna | |